Central Library OPAC University of Rajshahi

ইলেকট্টা = [A play] / (Record no. 47796)

MARC details
000 -LEADER
fixed length control field 00723nam a22002297a 4500
001 - CONTROL NUMBER
control field 47796
003 - CONTROL NUMBER IDENTIFIER
rucl marc code BD-RjUL
005 - DATE AND TIME OF LATEST TRANSACTION
control field 20211209054409.0
008 - FIXED-LENGTH DATA ELEMENTS--GENERAL INFORMATION
fixed length control field 160810s1979 bg ||||| |||| 00| 0 ben d
020 ## - INTERNATIONAL STANDARD BOOK NUMBER
Terms of availability : TK 12.00
035 ## - SYSTEM CONTROL NUMBER
System control number (BD-RjUL)47915
040 ## - CATALOGING SOURCE
Original cataloging agency BD-RjUL
Language of cataloging ben
Transcribing agency BD-RjUL
041 ## - LANGUAGE CODE
Language code of text/sound track or separate title ben
082 ## - DEWEY DECIMAL CLASSIFICATION NUMBER
Edition number 23
Classification number 882
Author mark and year RAE 1979
100 1# - MAIN ENTRY--PERSONAL NAME
Personal name রশীদ, আব্‌দার
9 (RLIN) 145123
245 10 - TITLE STATEMENT
Title ইলেকট্টা = [A play] /
Statement of responsibility, etc. আব্‌দার রশীদ
260 ## - PUBLICATION, DISTRIBUTION, ETC. (IMPRINT)
Place of publication, distribution, etc. ঢাকা :
Name of publisher, distributor, etc. চিত্তরঞ্জন সাহা,
Date of publication, distribution, etc. ১৯৭৯
300 ## - PHYSICAL DESCRIPTION
Pagination [৮], ১৫২ পৃ. ;
Size ২০ সেমি.
650 ## - SUBJECT ADDED ENTRY--TOPICAL TERM
Topical term or geographic name as entry element Drama
9 (RLIN) 145124
Topical term or geographic name as entry element নাটক
9 (RLIN) 145125
942 ## - ADDED ENTRY ELEMENTS (KOHA)
Source of classification or shelving scheme Dewey Decimal Classification
Koha item type Books
Holdings
Lost status Source of classification or shelving scheme Damaged status Not for loan Collection code Permanent Location Current Location Shelving location Date acquired Source of acquisition Cost, normal purchase price Total Checkouts Full call number Date last seen Copy number Koha item type
  Dewey Decimal Classification     Non-fiction Central Library, University of Rajshahi Central Library, University of Rajshahi   29/06/1981 ইউরেকা, রাজশাহী 12.00   B 882 RAE 1979 10/08/2016 C-2 Books